Statistics for XI's PSG vs Bayern (UCL final)

Click here to take the quiz!

General Stats

  • This quiz has been taken 461 times
  • The average score is 17 of 24

Answer Stats

NumberPlayer% Correct
7Kylian Mbappé
97%
10Neymar
96%
1Keylor Navas
94%
1Manuel Neuer
90%
29Kingsley Coman
87%
5Marquinhos
85%
9Robert Lewandowski
84%
CoachThomas Tuchel
83%
6Joshua Kimmich
82%
11Angel Di Maria
80%
25Thomas Müller
80%
3Presnel Kimpembe
77%
2Thiago Silva
71%
7Serge Gnabry
68%
19Alphonso Davies
67%
18Leon Goretzka
67%
17Jérôme Boateng
64%
14Juan Bernat
60%
8Leandro Paredes
52%
6Thiago Alcantara
50%
27David Alaba
49%
4Thilo Kehrer
44%
21Ander Herrera
38%
CoachHans-Dieter Flick
9%

Score Distribution

Percentile by Number Answered

Percent of People with Each Score

Your Score History

You have not taken this quiz